000 00731cac a2200241 a 4500
003 Co-PeBPM
005 20250603202340.0
008 231129eIIII||||xx o||||||||||||| ||spa||
040 0 _aCo-PeBPM
_bspa
_cCo-PeBPM
_erda
041 _aspa
082 0 4 _a468 C928h
_222
100 1 _aCriado de, Val Manuel
_eAutor
245 1 0 _aHistoria Ilustrada De La Lengua Española
_c/Val Manuel De Criado
260 _aBogotá, Colombia
_b:Editorial Salvat
300 _a47 Páginas
_b:Ilustraciones, Imágenes a Color
_c;19 Centímetros
500 _aIncluye Índice.
650 1 4 _2LEMB
_aEspañol
650 1 4 _2LEMB
_aHistoria
650 1 4 _2LEMB
_aLengua
650 1 4 _2LEMB
_aLenguaje
650 1 4 _2LEMB
_aLiteratura
942 _2ddc
_cBK
999 _c15305
_d15305